[Event "Oberliga Sued W 1516"]
[Site "Germany"]
[Date "2015.11.08"]
[Round "2.5"]
[White "Schlick, Volker"]
[Black "Michels, Achim"]
[Result "1-0"]
[WhiteElo "2273"]
[BlackElo "2194"]
[PlyCount "31"]
[EventDate "2015.09.20"]
[EventType "team-tourn"]
[EventRounds "9"]
[EventCountry "GER"]
[SourceTitle "CBM 170 Extra"]
[Source "ChessBase"]
[SourceDate "2016.02.25"]
[SourceVersion "1"]
[SourceVersionDate "2016.02.25"]
[SourceQuality "1"]
[WhiteTeam "Koblenz"]
[BlackTeam "Gau Algesheim"]
[WhiteTeamCountry "GER"]
[BlackTeamCountry "GER"]

1. e4 c5 2. Nf3 d6 3. Nc3 Nf6 4. Bb5+ Bd7 5. a4 Nc6 6. 0-0 g6 7. Bxc6 Bxc6 8. e5 Ng4 9. e6 f6 10. d4 cxd4 11. Nxd4 f5 12. b4 Rc8 13. Bb2 b6 14. Nxc6 Rxc6 15. Qd5 Qa8 16. Nb5 1-0

[Event "Oberliga Sued W 1415"]
[Site "Germany"]
[Date "2015.02.22"]
[Round "7.5"]
[White "Lang, Torsten"]
[Black "Schlick, Volker"]
[Result "1-0"]
[WhiteElo "2325"]
[BlackElo "2343"]
[PlyCount "99"]
[EventDate "2014.09.21"]
[EventType "team-tourn"]
[EventRounds "9"]
[EventCountry "GER"]
[SourceTitle "EXT 2019"]
[Source "ChessBase"]
[SourceDate "2018.10.10"]
[SourceVersion "1"]
[SourceVersionDate "2018.10.10"]
[SourceQuality "1"]
[WhiteTeam "Landau"]
[BlackTeam "Koblenz SV"]
[WhiteTeamCountry "GER"]
[BlackTeamCountry "GER"]

1. d4 Nf6 2. Nf3 g6 3. g3 Bg7 4. Bg2 0-0 5. 0-0 d5 6. c4 c6 7. Nc3 Ne4 8. Qb3 dxc4 9. Qxc4 Bf5 10. Bf4 Nd7 11. Rfd1 Nxc3 12. bxc3 Be4 13. Ne5 Nb6 14. Qb3 Bxg2 15. Kxg2 Qd5+ 16. f3 f6 17. c4 Qa5 18. c5+ Nd5 19. Bd2 Qb5 20. Qxb5 cxb5 21. Nd3 f5 22. e3 Rfd8 23. f4 b6 24. Rdc1 bxc5 25. Rxc5 Rac8 26. Rac1 Rxc5 27. Rxc5 a6 28. Kf3 Kf7 29. Ba5 Rd6 30. Bc7 Rd7 31. Be5 Bf6 32. h3 h5 33. e4 fxe4+ 34. Kxe4 Nb6 35. Rc6 Na4 36. Rxa6 Nc3+ 37. Kf3 Kg7 38. Nc5 Rd5 39. a3 Kh6 40. Ne6 b4 41. axb4 Rb5 42. Bxf6 exf6 43. Ra7 Rb8 44. g4 hxg4+ 45. hxg4 g5 46. f5 Nd5 47. Rf7 Rxb4 48. Nf8 Rb3+ 49. Kf2 Rb2+ 50. Ke1 1-0

[Event "BL2-West 1314"]
[Site "Germany"]
[Date "2013.11.10"]
[Round "2.7"]
[White "Coenen, Norbert"]
[Black "Schlick, Volker"]
[Result "0-1"]
[WhiteElo "2316"]
[BlackElo "2356"]
[PlyCount "158"]
[EventDate "2013.10.13"]
[EventType "team-tourn"]
[EventRounds "9"]
[EventCountry "GER"]
[SourceTitle "EXT 2015"]
[Source "ChessBase"]
[SourceDate "2014.11.20"]
[SourceVersion "1"]
[SourceVersionDate "2014.11.20"]
[SourceQuality "1"]
[WhiteTeam "Aachen SV"]
[BlackTeam "Koblenz"]
[WhiteTeamCountry "GER"]
[BlackTeamCountry "GER"]

1. e4 c5 2. Nf3 Nc6 3. d4 cxd4 4. Nxd4 g6 5. c4 Bg7 6. Be3 d6 7. Nc3 Bd7 8. Be2 Nf6 9. 0-0 0-0 10. Rc1 a5 11. b3 a4 12. bxa4 Nxd4 13. Bxd4 Bc6 14. c5 e5 15. Be3 d5 16. exd5 Nxd5 17. Nxd5 Qxd5 18. Qxd5 Bxd5 19. Rfd1 Bc6 20. Bb5 Rfc8 21. f3 Bf8 22. Rd2 Kg7 23. h4 h5 24. Kh2 Be7 25. Kh3 Rc7 26. Rc4 Ra5 27. Rb2 Bd5 28. Rc1 Be6+ 29. Kg3 f5 30. f4 exf4+ 31. Bxf4 Rxc5 32. Rxc5 Bxc5 33. Rc2 b6 34. Be5+ Kf7 35. Kf4 Ra8 36. Bc6 Rc8 37. Rxc5 bxc5 38. Bb7 Rd8 39. a5 Bd5 40. a6 Ke6 41. a4 c4 42. a5 Re8 43. g3 Rd8 44. Bc7 Re8 45. Be5 Rg8 46. Bc3 Rd8 47. Be5 Be4 48. Bc3 Re8 49. Bxe4 fxe4 50. Kxe4 Kd6+ 51. Kd4 Ra8 52. Kxc4 Kc6 53. Be5 Rxa6 54. Kb4 Ra7 55. Bf4 Rd7 56. Kc4 Rd1 57. Be5 Rg1 58. Bf4 Ra1 59. Kb4 Ra2 60. Bg5 Re2 61. Bf4 Re4+ 62. Kc3 Ra4 63. Kd3 Rxa5 64. Ke4 Kd7 65. Bd2 Ra2 66. Be3 Ke6 67. Kf4 Ra4+ 68. Kf3 Kf5 69. Bc5 Rc4 70. Bd6 Rc3+ 71. Kf2 Ke4 72. Kg2 Rc2+ 73. Kh3 Kf3 74. Be5 Rc1 75. Kh2 Kg4 76. Kg2 Rc2+ 77. Kh1 Kh3 78. Bd4 Rc1+ 79. Bg1 Rxg1+ 0-1

[Event "BL2-West 1213"]
[Site "Germany"]
[Date "2013.03.17"]
[Round "8.6"]
[White "Schlick, Volker"]
[Black "Van den Doel, Erik"]
[Result "1/2-1/2"]
[WhiteElo "2332"]
[BlackElo "2571"]
[PlyCount "103"]
[EventDate "2012.10.14"]
[EventType "team-tourn"]
[EventRounds "9"]
[EventCountry "GER"]
[SourceTitle "CBM 154 Extra"]
[Source "ChessBase"]
[SourceDate "2013.06.25"]
[SourceVersion "2"]
[SourceVersionDate "2013.06.25"]
[SourceQuality "1"]
[WhiteTeam "Koblenz"]
[BlackTeam "Koeln Porz"]
[WhiteTeamCountry "GER"]
[BlackTeamCountry "GER"]

1. c4 Nf6 2. g3 e6 3. Bg2 d5 4. Nf3 dxc4 5. Qa4+ c6 6. Qxc4 b5 7. Qc2 Bb7 8. 0-0 Nbd7 9. Nc3 a6 10. d4 c5 11. dxc5 Bxc5 12. Ng5 Bxg2 13. Kxg2 Qb6 14. Nge4 Qc6 15. f3 Be7 16. Nxf6+ Bxf6 17. Qe4 Rc8 18. Qxc6 Rxc6 19. Ne4 Rc2 20. Nxf6+ Nxf6 21. Rf2 Kd7 22. e4 Rxf2+ 23. Kxf2 Rc8 24. Ke2 Ne8 25. Bd2 Nd6 26. b3 e5 27. a4 bxa4 28. Rxa4 Rc6 29. Kd3 Nb5 30. f4 Rd6+ 31. Kc2 Nd4+ 32. Kc3 Nf3 33. Ra2 Nxh2 34. fxe5 Rc6+ 35. Kd3 Nf3 36. Bc3 Ke6 37. Rf2 Ng5 38. Bd4 h6 39. Be3 Nh7 40. Ra2 Nf8 41. Ra5 Nd7 42. Bd4 Ke7 43. g4 Rg6 44. b4 Nb8 45. Bc5+ Kd7 46. b5 axb5 47. Ra7+ Kc8 48. Rxf7 Nc6 49. e6 Rxe6 50. Rxg7 b4 51. Kc4 b3 52. Kxb3 1/2-1/2

[Event "SVR-ch MTA 34th"]
[Site "Reil"]
[Date "2011.04.15"]
[Round "1"]
[White "Schlick, Volker"]
[Black "Thieme Garmann, Alexander"]
[Result "1-0"]
[WhiteElo "2317"]
[BlackElo "2121"]
[PlyCount "53"]
[EventDate "2011.04.15"]
[EventType "tourn"]
[EventRounds "9"]
[EventCountry "GER"]
[SourceTitle "EXT 2013"]
[Source "ChessBase"]
[SourceDate "2012.11.22"]
[SourceVersion "1"]
[SourceVersionDate "2012.11.22"]
[SourceQuality "1"]

1. g3 e5 2. c4 Nf6 3. Bg2 Be7 4. Nf3 d6 5. 0-0 0-0 6. Nc3 Nbd7 7. d4 Re8 8. Qc2 Bf8 9. Rd1 c6 10. h3 Qc7 11. e4 a6 12. a4 a5 13. Bg5 h6 14. Bxf6 Nxf6 15. d5 Nd7 16. Rab1 Nc5 17. Ne1 g6 18. Nd3 Nxd3 19. Rxd3 c5 20. f4 Bg7 21. Rf1 exf4 22. gxf4 g5 23. e5 gxf4 24. Nb5 Qd8 25. e6 Be5 26. Rg3+ Kh8 27. exf7 1-0

[Event "BL2-West 1011"]
[Site "Germany"]
[Date "2011.03.20"]
[Round "8.5"]
[White "Schlick, Volker"]
[Black "Huhndorf, Arnold"]
[Result "0-1"]
[WhiteElo "2317"]
[BlackElo "2302"]
[PlyCount "86"]
[EventDate "2010.10.10"]
[EventType "team-tourn"]
[EventRounds "9"]
[EventCountry "GER"]
[SourceTitle "EXT 2012"]
[Source "ChessBase"]
[SourceDate "2011.11.24"]
[SourceVersion "1"]
[SourceVersionDate "2011.11.24"]
[SourceQuality "1"]
[WhiteTeam "Koblenz"]
[BlackTeam "Koeln SF"]
[WhiteTeamCountry "GER"]
[BlackTeamCountry "GER"]

1. e4 e6 2. d4 d5 3. Nc3 Bb4 4. e5 Ne7 5. a3 Bxc3+ 6. bxc3 b6 7. Nh3 Ba6 8. Bxa6 Nxa6 9. Qd3 Nb8 10. Nf4 Ng6 11. h4 Nxf4 12. Bxf4 Nc6 13. Qg3 Rg8 14. h5 Na5 15. Qd3 h6 16. Rh3 Kd7 17. Rb1 Nc4 18. Rb4 Nxa3 19. Bc1 a5 20. Ra4 Nc4 21. Rf3 Kc8 22. Rxf7 Qe8 23. Rxc4 Qxf7 24. Ra4 Qxh5 25. Qf1 Qf5 26. Kd1 Kb7 27. Be3 g5 28. c4 c6 29. Ra1 h5 30. Rb1 Kc7 31. Kd2 g4 32. Qc1 h4 33. cxd5 exd5 34. c4 Qe6 35. Qa3 dxc4 36. Rxb6 Rgb8 37. Rxb8 Kxb8 38. Ke2 h3 39. gxh3 gxh3 40. Kf1 Qd5 41. e6 Kb7 42. Bf4 Qh1+ 43. Ke2 Qe4+ 0-1

[Event "BL2-West 1011"]
[Site "Germany"]
[Date "2010.12.12"]
[Round "4.5"]
[White "Tuncer, Ufuk"]
[Black "Schlick, Volker"]
[Result "0-1"]
[WhiteElo "2289"]
[BlackElo "2317"]
[PlyCount "96"]
[EventDate "2010.10.10"]
[EventType "team-tourn"]
[EventRounds "9"]
[EventCountry "GER"]
[SourceTitle "EXT 2012"]
[Source "ChessBase"]
[SourceDate "2011.11.24"]
[SourceVersion "1"]
[SourceVersionDate "2011.11.24"]
[SourceQuality "1"]
[WhiteTeam "Schoeneck"]
[BlackTeam "Koblenz"]
[WhiteTeamCountry "GER"]
[BlackTeamCountry "GER"]

1. e4 c5 2. Nf3 Nc6 3. d4 cxd4 4. Nxd4 g6 5. Nc3 Bg7 6. Be3 Nf6 7. Bc4 0-0 8. Bb3 d6 9. f3 Bd7 10. Qd2 Qc7 11. h4 Ne5 12. h5 Nc4 13. Bxc4 Qxc4 14. hxg6 fxg6 15. Nde2 b5 16. Bh6 Qf7 17. Bxg7 Kxg7 18. Qh6+ Kg8 19. 0-0-0 b4 20. Nd5 Nxd5 21. exd5 Rac8 22. Rd2 Rc4 23. Nd4 Rfc8 24. Re1 Qf6 25. Qe3 Re8 26. g4 Qf7 27. Qg5 Qg7 28. Qe3 a5 29. Kb1 a4 30. b3 Rc5 31. Ne6 Bxe6 32. Qxe6+ Qf7 33. Qe4 axb3 34. axb3 Ra5 35. Qxb4 Rea8 36. Re3 Rxd5 37. Qb7 Rxd2 38. Qxa8+ Kg7 39. Qa1+ e5 40. Qa5 Rd5 41. Qd8 Rd1+ 42. Kb2 Qa7 43. b4 Qa1+ 44. Kb3 Rb1+ 45. Kc4 Qd4+ 46. Kb5 Qd5+ 47. Ka6 Qc6+ 48. Ka7 Ra1+ 0-1

[Event "Oberliga Sued W 0910"]
[Site "Germany"]
[Date "2010.04.11"]
[Round "9.3"]
[White "Schlick, Volker"]
[Black "Scheuermann, Gerhard"]
[Result "1-0"]
[WhiteElo "2319"]
[BlackElo "2186"]
[PlyCount "99"]
[EventDate "2009.10.18"]
[EventType "team-tourn"]
[EventRounds "9"]
[EventCountry "GER"]
[SourceTitle "EXT 2011"]
[Source "ChessBase"]
[SourceDate "2010.11.26"]
[SourceVersion "1"]
[SourceVersionDate "2010.11.26"]
[SourceQuality "1"]
[WhiteTeam "Koblenz 25"]
[BlackTeam "Schwarzenbach"]
[WhiteTeamCountry "GER"]
[BlackTeamCountry "GER"]

1. e4 e5 2. Nf3 Nf6 3. d4 Nxe4 4. Bd3 Nc6 5. d5 Nc5 6. 0-0 Nxd3 7. Qxd3 Nb4 8. Qe2 Bd6 9. c4 0-0 10. a3 Na6 11. b4 c5 12. b5 Nc7 13. Nc3 f6 14. Ne4 Ne8 15. Rd1 Qe7 16. a4 b6 17. a5 bxa5 18. Ba3 Bb7 19. Qe3 Rc8 20. Bb2 Bc7 21. Qxc5 d6 22. Qxa7 Bb8 23. Qxa5 Rxc4 24. Qe1 f5 25. Nc3 Nf6 26. Nd4 Nxd5 27. Nxd5 Bxd5 28. Nxf5 Rxf5 29. Rxd5 Ba7 30. Rd2 Rcf4 31. Qd1 Bxf2+ 32. Kh1 Bc5 33. Qb3+ Kh8 34. Rdd1 h6 35. Ba3 Bd4 36. Rac1 Qf6 37. Rc8+ Kh7 38. Qg8+ Kg6 39. Qe8+ Kg5 40. Bc1 e4 41. Qxe4 Kh5 42. Qe2+ Kg6 43. Bxf4 Rxf4 44. Rc4 Be5 45. Qd3+ Kh5 46. Rxf4 Bxf4 47. Qf3+ Kg6 48. Rf1 Qe5 49. Qxf4 Qxb5 50. Qf7+ 1-0

[Event "Oberliga Sued W 0910"]
[Site "Germany"]
[Date "2009.10.18"]
[Round "1.3"]
[White "Haasler, Andreas"]
[Black "Schlick, Volker"]
[Result "1/2-1/2"]
[WhiteElo "2242"]
[BlackElo "2319"]
[PlyCount "177"]
[EventDate "2009.10.18"]
[EventType "team-tourn"]
[EventRounds "9"]
[EventCountry "GER"]
[SourceTitle "EXT 2011"]
[Source "ChessBase"]
[SourceDate "2010.11.26"]
[SourceVersion "1"]
[SourceVersionDate "2010.11.26"]
[SourceQuality "1"]
[WhiteTeam "Heidesheim"]
[BlackTeam "Koblenz 25"]
[WhiteTeamCountry "GER"]
[BlackTeamCountry "GER"]

1. d4 g6 2. e4 Bg7 3. Nc3 d6 4. Be3 c6 5. Qd2 b5 6. a4 b4 7. Nce2 a5 8. Nf3 Nf6 9. Ng3 h5 10. h4 Qc7 11. Be2 Ba6 12. Rd1 Bxe2 13. Qxe2 Ng4 14. Bc1 0-0 15. Ng5 e5 16. f3 Nf6 17. dxe5 dxe5 18. Nf1 Nbd7 19. Ne3 Rad8 20. Nc4 Nb6 21. Nxb6 Rxd1+ 22. Kxd1 Rd8+ 23. Ke1 Qxb6 24. Be3 Qc7 25. Kf2 Bf8 26. Qa6 Nd7 27. Qc4 Nb6 28. Qb3 c5 29. Kg3 Rd6 30. Bxc5 Rc6 31. Bxb6 Rxb6 32. Rd1 Rf6 33. Rd5 Qa7 34. Qd3 Qg1 35. Qd1 Qxd1 36. Rxd1 Rc6 37. Rd2 Bh6 38. Re2 Rd6 39. Nh3 b3 40. Ng5 f6 41. Nh3 Rd4 42. cxb3 Rb4 43. Rc2 Rxb3 44. Rc8+ Kf7 45. Rc7+ Ke6 46. Rc6+ Ke7 47. Rc2 Rb4 48. Kf2 Rxa4 49. Ke2 Ra1 50. Kd3 a4 51. Kc3 Be3 52. Nf2 a3 53. bxa3 Rxa3+ 54. Kc4 Kd6 55. Nd1 Bd4 56. Nf2 Ra1 57. Nd3 g5 58. g4 hxg4 59. fxg4 gxh4 60. Rh2 Ra3 61. Nb4 Rc3+ 62. Kb5 h3 63. Nd5 Rf3 64. Ra2 Ke6 65. Ra8 Kf7 66. Rh8 Kg7 67. Rh5 Be3 68. Kc6 Bf4 69. Kd6 Ra3 70. Ke6 Ra6+ 71. Kf5 Ra1 72. Nxf4 Rf1 73. Rxh3 Rxf4+ 74. Ke6 Kg6 75. Kd5 Kg5 76. Ra3 Kxg4 77. Ra8 Rf1 78. Ke6 Rb1 79. Kxf6 Kf4 80. Ra4 Rb6+ 81. Ke7 Rh6 82. Kf7 Rd6 83. Ke7 Rd4 84. Ra1 Rb4 85. Kd6 Rd4+ 86. Ke6 Rxe4 87. Rf1+ Ke3 88. Kd5 Rf4 89. Re1+ 1/2-1/2

[Event "BL2-West 0809"]
[Site "Germany"]
[Date "2009.01.18"]
[Round "5.5"]
[White "Haub, Thorsten Michael"]
[Black "Schlick, Volker"]
[Result "1/2-1/2"]
[WhiteElo "2450"]
[BlackElo "2310"]
[PlyCount "142"]
[EventDate "2008.10.05"]
[EventType "team-tourn"]
[EventRounds "9"]
[EventCountry "GER"]
[SourceTitle "CBM 129 Extra"]
[Source "ChessBase"]
[SourceDate "2009.05.05"]
[SourceVersion "2"]
[SourceVersionDate "2009.05.20"]
[SourceQuality "1"]
[WhiteTeam "Bochum SG"]
[BlackTeam "Koblenz"]
[WhiteTeamCountry "GER"]
[BlackTeamCountry "GER"]

1. Nf3 c5 2. g3 g6 3. Bg2 Bg7 4. 0-0 Nc6 5. e4 Nf6 6. Re1 0-0 7. c3 d6 8. h3 Ne5 9. Nxe5 dxe5 10. Na3 Be6 11. Qe2 Qd7 12. Kh2 Rad8 13. Nc4 Ne8 14. Ne3 f5 15. exf5 gxf5 16. d3 b5 17. a4 f4 18. Ng4 fxg3+ 19. fxg3 Bxg4 20. Qxg4 Qxg4 21. hxg4 Nf6 22. Kh3 Rxd3 23. Bf1 Rf3 24. Be2 Rf2 25. Be3 Ne4 26. axb5 R2f6 27. g5 Rg6 28. Rxa7 Nxg5+ 29. Bxg5 Rxg5 30. Rf1 Rb8 31. Rxe7 Bf8 32. Bc4+ Kh8 33. Ra7 Rg7 34. b6 Bd6 35. Rf6 Rg6 36. Rff7 Rh6+ 37. Kg2 e4 38. Rfd7 Rf8 39. Rg7 e3 40. Rgf7 Re8 41. Be2 Rg8 42. Rf3 Rhg6 43. Bc4 Rxg3+ 44. Rxg3 Rxg3+ 45. Kf1 Rf3+ 46. Ke1 Rf2 47. Rd7 Rd2 48. Kf1 Rf2+ 49. Kg1 Bh2+ 50. Kh1 Rxb2 51. b7 h6 52. Re7 Bf4 53. Kg1 h5 54. Re4 Bg3 55. Kh1 h4 56. Rxe3 Rxb7 57. Kg2 Kg7 58. Re6 Rb2+ 59. Kh3 Rc2 60. Re3 Kf6 61. Kg4 Be5 62. Kxh4 Rc1 63. Kg4 Bxc3 64. Re6+ Kg7 65. Kf5 Bd4 66. Be2 Kf8 67. Ke4 Rc3 68. Kd5 Rh3 69. Kd6 Bg1 70. Rg6 Be3 71. Bc4 Rh6 1/2-1/2

[Event "BL2-West 0809"]
[Site "Germany"]
[Date "2008.12.14"]
[Round "4.4"]
[White "Libeau, Rene"]
[Black "Schlick, Volker"]
[Result "1-0"]
[WhiteElo "2415"]
[BlackElo "2310"]
[PlyCount "47"]
[EventDate "2008.10.05"]
[EventType "team-tourn"]
[EventRounds "9"]
[EventCountry "GER"]
[SourceTitle "CBM 129 Extra"]
[Source "ChessBase"]
[SourceDate "2009.05.05"]
[SourceVersion "2"]
[SourceVersionDate "2009.05.20"]
[SourceQuality "1"]
[WhiteTeam "Muenster"]
[BlackTeam "Koblenz"]
[WhiteTeamCountry "GER"]
[BlackTeamCountry "GER"]

1. Nf3 c5 2. e4 Nc6 3. g3 Nf6 4. d3 d5 5. Nbd2 b6 6. c3 Bb7 7. e5 Nd7 8. e6 fxe6 9. Bh3 Nde5 10. Nxe5 Nxe5 11. Qh5+ Ng6 12. Nf3 d4 13. c4 Qd6 14. 0-0 Kd8 15. Ng5 Kc7 16. Nf7 Qc6 17. f3 e5 18. Nxh8 Nxh8 19. Qxh7 Nf7 20. Qf5 Bc8 21. Qxf7 Bxh3 22. Re1 g5 23. Bxg5 Kd6 24. Rxe5 1-0

[Event "BL2-West 0809"]
[Site "Germany"]
[Date "2008.10.05"]
[Round "1.5"]
[White "Savchenko, Viacheslav"]
[Black "Schlick, Volker"]
[Result "1-0"]
[WhiteElo "2415"]
[BlackElo "2310"]
[PlyCount "59"]
[EventDate "2008.10.05"]
[EventType "team-tourn"]
[EventRounds "9"]
[EventCountry "GER"]
[SourceTitle "CBM 129 Extra"]
[Source "ChessBase"]
[SourceDate "2009.05.05"]
[SourceVersion "2"]
[SourceVersionDate "2009.05.20"]
[SourceQuality "1"]
[WhiteTeam "Gerresheim"]
[BlackTeam "Koblenz"]
[WhiteTeamCountry "GER"]
[BlackTeamCountry "GER"]

1. d4 d6 2. c4 e5 3. Nf3 exd4 4. Nxd4 g6 5. Nc3 Bg7 6. e4 Ne7 7. Be2 Nbc6 8. Be3 0-0 9. Qd2 f5 10. h4 Bxd4 11. Bxd4 f4 12. h5 Be6 13. hxg6 Nxg6 14. 0-0-0 Nxd4 15. Qxd4 Qf6 16. Qd2 Ne5 17. Rh5 Rf7 18. Rdh1 Rg7 19. Nd5 Qf7 20. Nxf4 Bxc4 21. Rf5 Bxe2 22. Rxf7 Rxf7 23. Nxe2 Rxf2 24. Qg5+ Kh8 25. Kb1 Raf8 26. Nd4 R2f6 27. Nf5 Rg6 28. Qd2 Rg4 29. Rh6 Rf7 30. Re6 1-0

[Event "Oberliga Sued W 0708"]
[Site "Germany"]
[Date "2007.11.04"]
[Round "2.3"]
[White "Tabatt, Hendrik"]
[Black "Schlick, Volker"]
[Result "1-0"]
[WhiteElo "2310"]
[BlackElo "2307"]
[PlyCount "119"]
[EventDate "2007.10.21"]
[EventType "team-tourn"]
[EventRounds "9"]
[EventCountry "GER"]
[SourceTitle "EXT 2009"]
[Source "ChessBase"]
[SourceDate "2008.11.26"]
[SourceVersion "1"]
[SourceVersionDate "2008.11.26"]
[SourceQuality "1"]
[WhiteTeam "Schwarzenbach"]
[BlackTeam "Koblenz"]
[WhiteTeamCountry "GER"]
[BlackTeamCountry "GER"]

1. d4 g6 2. e4 Bg7 3. Nc3 d6 4. Be3 Nf6 5. Be2 c6 6. e5 Nd5 7. Nxd5 cxd5 8. Nf3 Nc6 9. exd6 Qxd6 10. c3 0-0 11. 0-0 b6 12. Qd2 Bb7 13. Bf4 Qd8 14. Rfe1 Rc8 15. Bh6 e6 16. Bd3 Re8 17. Bb5 f6 18. Bxg7 Kxg7 19. Re3 a6 20. Bxc6 Rxc6 21. Rae1 Qd6 22. h4 h5 23. Qd3 b5 24. Nd2 Qc7 25. Rg3 Qf7 26. f4 Kh7 27. Rge3 Rg8 28. f5 Bc8 29. fxe6 Rxe6 30. Nb3 Rxe3 31. Qxe3 Bf5 32. Nc5 a5 33. a3 Rg7 34. Qf4 Bg4 35. Qd6 g5 36. Ne6 Bxe6 37. Rxe6 Qd7 38. Rxf6 gxh4 39. Rh6+ Kg8 40. Qxd7 Rxd7 41. Rxh5 b4 42. axb4 axb4 43. Rxh4 Kg7 44. Rh5 Kf6 45. Re5 Rc7 46. cxb4 Rc4 47. Rxd5 Rxb4 48. Kf2 Rxb2+ 49. Kf3 Rb1 50. Re5 Rf1+ 51. Kg4 Rf2 52. g3 Rf1 53. Re8 Kg6 54. Re4 Rd1 55. Kf4 Kf6 56. g4 Rf1+ 57. Ke3 Rd1 58. Re5 Re1+ 59. Kf4 Rg1 60. g5+ 1-0